Spielbeschreibungen - Statistiken

Allgemein
  • Dieses Quiz wurde 1.008 mal gespielt
  • Das Durchschnittsergebnis liegt bei 10 aus 15
Antwortstatistiken
Hint Antwort % Korrekt
In diesem Sandbox-Spiel erkunden Spieler eine offene Welt und gestalten sie nach ihren Vorstellungen. Mit Klötzchen können sie Gebäude, Landschaften und ganze Welten bauen. Das Spiel bietet kreative Freiheit und ermöglicht es den Spielern, Ressourcen zu sammeln, zu bauen und gegen Kreaturen zu kämpfen. Die pixelige Grafik und die vielfältigen Möglichkeiten der Weltgestaltung machen es zu einem einzigartigen und beliebten Spiel. Minecraft
96%
In diesem Mehrspieler-Videospiel erledigen Spieler gemeinsame Aufgaben auf einer Raumstation. Doch unter ihnen sind Betrüger, die heimlich Crewmitglieder eliminieren. Durch Diskussionen und Abstimmungen versuchen die Spieler, die Betrüger zu entlarven und aus der Raumstation zu verbannen, bevor alle eliminiert werden. Among Us
95%
In diesem beliebten Battle-Royale-Spiel kämpfen 100 Spieler auf einer Insel ums Überleben in einem schrumpfenden Spielbereich. Sie sammeln Ressourcen, bauen Strukturen und kämpfen, um als letzter Überlebender hervorzustehen. Das Spiel besticht durch bunte Grafik, Bauspielmechaniken und regelmäßige Aktualisierungen. Fortnite
94%
Ist ein teambasiertes Strategiespiel, in dem zwei Teams mit je fünf starken Champions gegeneinander antreten, um die jeweils andere Basis zu zerstören. Du hast die Wahl aus über 140 Champions, um epische Spielzüge zu machen, Kills zu sichern und Türme zu zerstören, während du dir deinen Sieg erkämpfst. League of Legends
94%
In diesem beliebten Ego-Shooter übernehmen Spieler die Rolle von Soldaten und kämpfen in intensiven Schlachten weltweit. Das Spiel besticht durch realistische Grafiken, eine fesselnde Einzelspieler-Kampagne und diverse Mehrspieler-Modi. Es gehört zu einer bekannten Spieleserie, die verschiedene Aspekte militärischer Konflikte behandelt. Call of Duty
84%
In diesem taktischen Ego-Shooter treten zwei Teams, Terroristen und Antiterroreinheiten, gegeneinander an. Die Spieler müssen Missionen wie Bombenlegen oder Geiselbefreiung bewältigen. Präzises Schießen, Teamarbeit und Strategie sind entscheidend, um das Spiel zu gewinnen. Es ist bekannt für Realismus und taktische Tiefe. Counter Strike
81%
In diesem taktischen Ego-Shooter kämpfen zwei Teams aus je fünf Agenten in rundenbasierten Gefechten. Jeder Agent bringt einzigartige Fähigkeiten mit, um Bomben zu platzieren oder zu entschärfen. Das Spiel verbindet präzises Schießen mit den besonderen Fähigkeiten der Agenten und bietet ein strategisch anspruchsvolles Erlebnis. Valorant
76%
In diesem Open-World-Actionspiel übernehmen Spieler die Rolle von Verbrechern in einer fiktiven Stadt. Mit beeindruckender Grafik, spannenden Missionen und der Freiheit, die Welt zu erkunden, ist es eines der beliebtesten Spiele im Genre der Kriminal- und Actionspiele. Grand Theft Auto
73%
In dem Spiel erleben Spieler asymmetrische Mehrspieler-Action, indem sie entweder als Überlebende oder als grausamer Killer spielen. Überlebende müssen geschickt Rätsel lösen und dem Killer entkommen, während dieser versucht, sie zu fangen und opfern. Es ist ein intensives Horror-Spiel, das Spannung und Taktik in einem düsteren Setting bietet. Dead by Daylight
64%
Es treten zwei Teams zu je sechs Spielern gegeneinander an. Beide Teams kämpfen dabei innerhalb einer vorgegebenen Zeitspanne um die Kontrolle über einen vorgegebenen Standort oder eskortieren eine Fracht auf dem Spielfeld. Overwatch
63%
Es ist ein herausforderndes Action-Rollenspiel, das Spieler in eine düstere und feindliche Welt eintauchen lässt. Mit anspruchsvollen Kämpfen, tiefgründiger Handlung und einem intensiven Gameplay ist es bekannt für seine hohe Schwierigkeitsstufe. Spieler müssen taktisch vorgehen und ihre Fähigkeiten perfektionieren, um in dieser düsteren Fantasiewelt zu überleben. Dark Souls
58%
Es ist ein lustiges Party-Videospiel, bei dem Spieler auf einem virtuellen Brettspiel gegeneinander antreten. Ziel ist es, durch geschickte Spielzüge und Minispiele Münzen zu sammeln und am Ende als Sieger hervorzugehen. Pummel Party
49%
Ihr müsst auf von Monstern bevölkerten Monden Schrott sammeln und diesen an euer Unternehmen verkaufen. Dafür stehen euch Werkzeuge zur Verfügung, wie zum Beispiel die ausfahrbaren Leitern. Lethal Company
41%
In diesem lustigen Partyspiel treten tierähnliche Charaktere in bunten, chaotischen Mini-Spielen gegeneinander an. Spieler zeigen ihre Fähigkeiten in unterhaltsamen Herausforderungen. Das Spiel eignet sich besonders für Gruppen von Freunden oder Familie durch seinen humorvollen und zugänglichen Ansatz. Party Animals
37%
Es ist ein spannendes Mehrspieler-Spiel, bei dem die Spieler entweder Überlebende oder einen mächtigen Killer spielen. Überlebende lösen Rätsel und versuchen, dem versteckten Killer zu entkommen. Es ist ein nervenaufreibendes Katz-und-Maus-Spiel, das taktisches Denken erfordert. Propnight
11%
Keine übereinstimmenden Quizze gefunden
Verteilung der Resultate
Anzahl Personen mit jedem Resultat
Perzentil nach korrekt beantworteten Fragen
Ihre Resultats-Entwicklung
Sie haben dieses Quiz noch nicht gespielt